<?xml version="1.0" encoding="UTF-8"?>
<record
    xmlns:xsi="http://www.w3.org/2001/XMLSchema-instance"
    xsi:schemaLocation="http://www.loc.gov/MARC21/slim http://www.loc.gov/standards/marcxml/schema/MARC21slim.xsd"
    xmlns="http://www.loc.gov/MARC21/slim">

  <leader>00323    a2200109   4500</leader>
  <controlfield tag="001">ART_27809</controlfield>
  <controlfield tag="005">20260410161949.0</controlfield>
  <controlfield tag="008">260409a                                 </controlfield>
  <datafield tag="245" ind1="1" ind2="0">
    <subfield code="a">El aula como espacio de investigaci&#xF3;n</subfield>
  </datafield>
  <datafield tag="100" ind1="1" ind2=" ">
    <subfield code="a">Fernandez, Mar&#xED;a del Rosario</subfield>
  </datafield>
  <datafield tag="773" ind1="0" ind2=" ">
    <subfield code="t">Invenio</subfield>
    <subfield code="g">- A&#xF1;o 2, N&#xBA; 3 (jun. 1999)</subfield>
    <subfield code="w">REV27781</subfield>
  </datafield>
  <datafield tag="999" ind1=" " ind2=" ">
    <subfield code="c">30242</subfield>
    <subfield code="d">30242</subfield>
  </datafield>
</record>
